Missing Word: Bands Known By Letters Quiz Stats

 Plays Quiz Updated Nov 12, 2015

Challenge
Share
Tweet
Embed
Score 0/20 Timer 05:00
1 Play Today
Band Missing Word % Correct
Guns N' ____ (GnR)Roses
99.1%
Red ____ Chili Peppers (RHCP)Hot
99%
New ____ on the Block (NKOTB)Kids
98.3%
Nine Inch ____ (NIN)Nails
95.8%
Yesterday & ____ (Y&T)Today
93.8%
____ Light Orchestra (ELO)Electric
93.6%
Creedence ____ Revival (CCR)Clearwater
92.9%
Crosby, Stills and ____ (CSN)Nash
90.6%
____ Öyster Cult (BOC)Blue
88%
____ Temple Pilots (STP)Stone
85.8%
Band Missing Word % Correct
____ Out Boy (FOB)Fall
85.3%
Dave ____ Band (DMB)Matthews
84.1%
Bachman Turner ____ (BTO)Overdrive
76.8%
Panic! at the ____ (PatD)Disco
75.4%
The Chicago ____ Authority (CTA, aka Chicago)Transit
72.5%
Emerson, ____ and Palmer (ELP)Lake
68.3%
Insane ____ Posse (ICP)Clown
64.3%
Orchestral Manoeuvres in the ____ (OMD)Dark
58%
____ City Five (MC5)Motor
31%
Public ____ Ltd. (PiL)Image
23.4%

Today's Daily Dose

You're not logged in!

Compare scores with friends on all Sporcle quizzes.
OR
Log In

You Might Also Like...

Show Comments

Extras

Top Quizzes Today


Score Distribution

Your Account Isn't Verified!

In order to create a playlist on Sporcle, you need to verify the email address you used during registration. Go to your Sporcle Settings to finish the process.

Report this User

Report this user for behavior that violates our Community Guidelines.

Details: